000 00499nam a22001817a 4500
003 SISC
005 20160314102015.0
008 130903t xxu||||| |||| 00| 0 eng d
020 _a0835946673
050 _aPE 1408
_b.P887 1996
082 _aHS 808.066651
_bP87 1996
245 _aPower writing :
_cwriting a purpose /
260 _aNew Jersey :
_bCambridge Adult education,
_cc1996.
300 _a132 p. :
_bill. ;
_c28 cm.
651 _aWriting
_9931
942 _2lcc
_cBK
999 _c10239
_d10239